Arte y religión en el Mediterráneo antiguo
Uloženo v:
| Hlavní autor: | |
|---|---|
| Médium: | Kniha |
| Jazyk: | španělština |
| Vydáno: |
Madrid
Cátedra
2008
|
| Vydání: | 1a. ed |
| Edice: | Historia. Serie Mayor
|
| Témata: | |
| Tagy: |
Přidat tag
Žádné tagy, Buďte první, kdo vytvoří štítek k tomuto záznamu!
|
MARC
| LEADER | 00000nam a2200000 a 4500 | ||
|---|---|---|---|
| 001 | UCG4898 | ||
| 003 | CL-VaPUC | ||
| 008 | 101216e20080000SP |||||||||||||||||spa|d | ||
| 020 | |a 9788437624365 | ||
| 082 | 0 | 4 | |a 907.2 |b BLA |2 21 |
| 100 | |a Blázquez Martínez, José María |e author |9 558283 | ||
| 245 | 1 | 0 | |a Arte y religión en el Mediterráneo antiguo |
| 250 | |a 1a. ed | ||
| 300 | |a 511 p | ||
| 942 | |c BK | ||
| 945 | |d 20101216 00:00:00 |a cmena | ||
| 260 | |a Madrid |b Cátedra |c 2008 | ||
| 650 | 0 | |a Historiografía |9 257871 | |
| 650 | 0 | |a Fuentes de la historia |9 323547 | |
| 650 | 0 | |a Historia antigua |9 267521 | |
| 650 | 0 | |a Mitología |9 255719 | |
| 650 | 0 | |a Arte antiguo |9 330766 | |
| 650 | 0 | |a Religión |9 255164 | |
| 583 | |a last modification |c 20101216 00:00:00 |k Rodrigo Vera | ||
| 490 | 0 | |a Historia. Serie Mayor | |
| 999 | |c 343498 |d 343496 | ||
| 952 | |0 0 |1 0 |4 0 |6 907_200000000000000_BLA_2008 |7 0 |8 A |9 440833 |a BIBHIS |b BIBHIS |d 2019-11-22 |i 474232K |o 907.2 BLA 2008 |p 474232K |r 2025-01-20 |w 2019-11-22 |y BK |k HIS | ||